Aller au contenu
VuFind
Langue
English
Deutsch
Español
Français
Italiano
日本語
Nederlands
Português
Português (Brasil)
中文(简体)
中文(繁體)
Türkçe
עברית
Gaeilge
Cymraeg
Ελληνικά
Català
Euskara
Русский
Čeština
Suomi
Svenska
polski
Dansk
slovenščina
اللغة العربية
বাংলা
Galego
Tiếng Việt
Hrvatski
हिंदी
Tous les champs
Titre
Auteur
Sujet
Cote
ISBN/ISSN
Tag
Rechercher
Recherche avancée
Rechercher
Annals of south African Museu...
Citer
Envoyer par courriel
Imprimer
Exporter les notices
Exporter vers RefWorks
Exporter vers EndNoteWeb
Exporter vers EndNote
permanent_link
Chargement en cours...
Annals of south African Museum
Détails bibliographiques
Langue:
English
Exemplaires
Description
Documents similaires
Affichage MARC
LEADER
00207nam a22000857a 4500
005
20151028162629.0
008
110530t xxu||||| |||| 00| 0 eng d
245
|a
Annals of south African Museum
942
|c
BK
|6
_
999
|c
82854
|d
82854
Documents similaires
Annals of the South African Museum
Annals, South African Museum
Publié: (1947)
Annals of the South African Museum Vol. XXXVIII
Publié: (1950)
Annals
Publié: (1890)
Annals
par: Tacitus
Publié: (2012)
Chargement en cours...